Fifa 21 Top 50 Centre-Backs - Statistics

General Stats
  • This quiz has been taken 83 times
  • The average score is 31 of 50
Answer Stats
Rating Club Player % Correct
90 Liverpool Virgil Van Dijk
100%
89 Real Madrid Sergio Ramos
99%
86 FC Barcelona Gerard Pique
95%
86 Borussia Dortmund Mats Hummels
95%
88 Napoli Kalidou Koulibaly
93%
81 Manchester City Ruben Dias
93%
85 PSG Marquinhos
90%
86 Real Madrid Raphael Varane
90%
87 Piemonte Calcio Giorgio Chiellini
89%
85 Piemonte Calcio Leonardo Bonucci
89%
85 Chelsea Thiago Silva
88%
87 Manchester City Aymeric Laporte
86%
85 Piemonte Calcio Matthijs De Ligt
82%
85 Cagliari Diego Godin
81%
83 Liverpool Joe Gomez
78%
83 Liverpool Joel Matip
78%
84 Bayern Munich David Alaba
77%
85 FC Barcelona Clement Lenglet
75%
85 Inter Milan Milan Skriniar
74%
83 FC Barcelona Samuel Umtiti
74%
82 Bayern Munich Jerome Boateng
73%
84 Atletico Madrid Jose Maria Gimenez
71%
82 Manchester United Harry Maguire
68%
84 Bayern Munich Niklas Sule
68%
85 Tottenham Hotspur Toby Alderweireld
68%
81 Chelsea Antonio Rudiger
64%
83 SL Benfica Jan Vertonghen
60%
84 Inter Milan Stefan De Vrij
59%
81 FC Porto Pepe
52%
81 PSG Presnel Kimpembe
51%
82 Bayern Munich Lucas Hernandez
49%
81 Tottenham Hotspur Davinson Sanchez
47%
83 Lazio Francesco Acerbi
45%
81 Atletico Madrid Stefan Savic
45%
83 Sevilla FC Diego Carlos
44%
83 AC Milan Alessio Romagnoli
42%
83 Napoli Kostas Manolas
42%
80 Leicester City Caglar Soyuncu
40%
82 Ajax Daley Blind
40%
84 Manchester City Fernandinho
40%
82 Borussia Monchengladbach Matthias Ginter
38%
84 Atletico Madrid Felipe
37%
80 Chelsea Kurt Zouma
37%
82 Villarreal CF Raul Albiol
32%
82 Getafe CF Dakonam Djene
29%
82 Valencia CF Gabriel Paulista
27%
81 Bayer Leverkusen Sven Bender
27%
81 Sporting CP Sebastian Coates
26%
80 RB Leipzig Lukas Klostermann
25%
81 FC Porto Ivan Marcano
11%
No matching quizzes found
Score Distribution
Percent of People with Each Score
Percentile by Number Answered
Your Score History
You have not taken this quiz